000 00381nam a2200145Ia 4500
008 151213s9999 xx 000 0 und d
020 _a984-31-1150-2
100 _aNurul H. Chaoudhury
245 _aPeasant Radicalism
_cNurul H. Chaoudhury
260 _aDhaka
_bAsiatic Socitey
_c2001
300 _a7194 p.
650 _aReference
700 _aNurul H. Chaoudhury
999 _c3832
_d3832